| 000 | 00989cab a2200301 4500 | ||
|---|---|---|---|
| 001 | ABS46910 | ||
| 008 | 090401t1992 xxu||||| |||| 00| 0 eng d | ||
| 035 | _a(Sirsi) u97529 | ||
| 041 | _aeng | ||
| 100 | _aSingleton, S. | ||
| 245 | _aFair tendering: public procurement and new regulations | ||
| 260 | _c1992 | ||
| 350 | _a0 | ||
| 490 |
_aSolicitors` Journal _v136(33) 21 August 1992, 842-844(3) |
||
| 520 | _aLooks at the application of the EC rules on public works and supply contracts, which aim to open up competition for tendering within the member states. | ||
| 650 | _aADVERTISING | ||
| 650 | _aBUILT ENVIRONMENT-BUILDING CONTRACT FORMS | ||
| 650 | _aCOMPETITION LAW | ||
| 650 | _aEUROPE | ||
| 650 | _aOFFICIAL JOURNAL | ||
| 650 | _aPUBLIC SUPPLY CONTRACTS REGULATIONS 1991 | ||
| 650 | _aPUBLIC WORKS CONTRACTS REGULATIONS 1992 | ||
| 650 | _aTENDERING | ||
| 690 | _aBUILT ENVIRONMENT | ||
| 690 | _aEUROPE-SINGLE MARKET | ||
| 942 | _n0 | ||
| 948 | _c04/03/1997 | ||
| 999 |
_c59632 _d59632 |
||